00897cam a2200229 a 450000100060000000300080000600500170001400800410003102000220007203500190009404000320011304100080014508200300015310000400018324501010022326000290032430000260035350400410037965000430042071101430046383000610060624600BD-RjUL20211209001055.0830115s1980 fr b i100 0 eng  a923101630X (pbk.) a(BD-RjUL)24669 aDLCcDLCdDLCdBD-RjULbeng aeng00a370.9174927219bTAE 19801 aTāzī, ʻAbd al-Hādī,d1921-10aEducation in the Arab states in the light of the Abu Dhabi Conference 1977 /cby Abdelhadi Tazi. aParis :bUnesco,cc1980. a81 p. :c30 cm.bIll; aIncludes bibliographical references. 0aEducationzArab countriesxCongresses.2 aConference of Ministers of Education and Those Responsible for Economic Planning in the Arab Statesn(4th :d1977 :cUnited Arab Emirates) aEducational studies and documents : new series ; no. 36.